Chemical and microscopical diagnosis /

Bibliographic Details
Main Author: Wood, Francis Carter, 1869-
Format: Book
Language:English
Published: New York and London : D. Appleton and Company, 1909.
Edition:Second edition, with one hundred and ninety-two illustrations in the text and nine colored plates.
Subjects:

MARC

Tag First Indicator Second Indicator Subfields
LEADER 00000cam a22000001 4500
001 in00004536498
005 20150715093603.0
008 810725s1909 nyuaf 000 0 eng
010 |a  09023833  
016 7 |a 12110850R  |2 DNLM 
019 |a 876838095 
035 |a (OCoLC)ocm03192692 
035 |a (OCoLC)3192692  |z (OCoLC)876838095 
035 |z (UtOrBLW)69833 
035 |a 97727 
040 |a NLM  |b eng  |c NLM  |d MUB  |d DLC  |d CGC  |d OCLCO  |d OCLCF  |d OCLCQ  |d UtOrBLW 
049 |a TMVM 
050 0 0 |a RB37  |b .W8 1909 
060 0 0 |a QY 4  |b W875c 1909 
060 0 0 |a Film 11437 no. 2 
100 1 |a Wood, Francis Carter,  |d 1869- 
245 1 0 |a Chemical and microscopical diagnosis /  |c by Francis Carter Wood ... 
250 |a Second edition, with one hundred and ninety-two illustrations in the text and nine colored plates. 
264 1 |a New York and London :  |b D. Appleton and Company,  |c 1909. 
300 |a xxiv, 767 pages, IX plates :  |b illustrations ;  |c 25 cm. 
336 |a text  |b txt  |2 rdacontent 
337 |a unmediated  |b n  |2 rdamedia 
338 |a volume  |b nc  |2 rdacarrier 
650 0 |a Diagnosis. 
650 0 |a Blood  |x Analysis. 
650 7 |a Blood  |x Analysis.  |2 fast  |0 (OCoLC)fst00834552 
650 7 |a Diagnosis.  |2 fast  |0 (OCoLC)fst00892273 
999 |a MARS 
999 f f |s d3883286-7547-3675-bf9f-e91025c670ab  |i f6c685a6-777f-3d60-9fcb-868b006438d1  |t 0 
952 f f |p storage  |a Texas A&M University  |b J.J. Pickle Campus  |c High Density Repository  |d Remote Storage  |t 0  |e QY 4 W875c 1909  |h National Library of Medicine classification  |i unmediated -- volume  |m 3238902533241 
998 f f |a QY 4 W875c 1909  |t 0  |l Remote Storage